000 00677nam a2200193Ia 4500
003 IN-BaIIA
008 211028s9999 xx 000 0 eng d
020 _a0-553-27947-5
040 _cIIA Library
080 _a(038)=50=20
_bMEL
245 4 _aThe Bantam new college Italian and English dictionary
_cedited by C. Melzi Robert
260 _aNew York
_bBantam Books
_c1976
300 _axiii, 355p.
490 _aThe bantam new college dictionary series
650 _aEnglish language--Dictionaries--
_913448
650 _aItalian language--Dictionaries--English
_930367
700 _aMelzi, Robert, C., ed.
_930368
942 _cBK
999 _c16386
_d16386